| 000 | 00414nam a2200157Ia 4500 | ||
|---|---|---|---|
| 008 | 240729s9999 xx 000 0 und d | ||
| 022 | _a2214-0883 | ||
| 245 | 0 | _aJournal of Pharmaceutical Analysis | |
| 260 | _aChina | ||
| 260 | _bElsevier | ||
| 650 | _a Therapeutics. Pharmacology | ||
| 650 | _aMedicine | ||
| 856 | _uhttps://doaj.org/toc/478d57468cb7427595231feb597aa689 | ||
| 942 | _2ddc | ||
| 942 | _cDOAJEJ | ||
| 999 |
_c71896 _d71896 |
||
| 945 |
_a1 _bMadushi Gamage _c1 _dMadushi Gamage |
||